Formula 1 - Groups of... #3 - Statistics

General Stats
  • This quiz has been taken 67 times
  • The average score is 23 of 43
Answer Stats
% Correct
Max Verstappen (18y 07m)
97%
Fernando Alonso(22y 00m)
90%
Lewis Hamilton (22y 05m)
86%
Sebastian Vettel (21y 02m)
86%
Mercedes (1997-)
81%
Argentina (Fangio)
78%
Aston Martin (2021-)
78%
Aston Martin - 9
78%
Buenos Aires (Argentina) - 100
78%
Netherlands (Verstappen)
76%
Zandvoort (Netherlands) - 100
76%
Canada (Villeneuve)
69%
New Zealand (Hulme)
69%
Juan Manuel Fangio (46y 01m)
67%
South Africa (Scheckter)
67%
Spain (Alonso)
67%
Watkins Glen (USA) - 110
64%
Giuseppe Farina (46y 09m)
62%
France (Prost)
60%
Monaco - 105
60%
Charles Leclerc (21y 10m)
59%
Sauber - 10
57%
Bruce McLaren (22y 02m)
52%
Renault (1996)
50%
Silverstone (UK) - 101
48%
Graham Hill (40y 03m)
43%
Force India - 6
40%
Jack Brabham (43y 11m)
40%
Toyota - 13
38%
Bernd Mayländer
36%
Zeltweg (Austria) - 105
36%
Honda (1994)
34%
Luigi Fagioli (53y 00m)
34%
BAR - 15
31%
Porsche (1973, 1976, 1995)
28%
Arrows - 8
26%
Nigel Mansell (41y 03m)
26%
Ford (1992)
17%
Piero Taruffi (45y 07m)
17%
Maurice Trintignant (40y 06m)
16%
Lamborghini (1981-1983)
14%
Opel (1994)
12%
Fiat (1993)
9%
No matching quizzes found
Score Distribution
Percent of People with Each Score
Percentile by Number Answered
Your Score History
You have not taken this quiz